000 00402nam a2200133Ia 4500
005 20260328104333.0
008 260328s9999||||xx |||||||||||||| ||und||
100 _aMichel Estrada, Gabriel
245 0 _aManual para implementar y promocionar la ciclovia Recreativa /
_cGabriel Michel Estrada
260 _b Organización Panamericana de la Salud
300 _a93 p.
650 _aCICLOVIA
942 _cBK
999 _c11778
_d11778